[Event "Tatran Cup"]
[Site "Stary Smokovec"]
[Date "1991.??.??"]
[Round "9"]
[White "Stohl, Igor"]
[Black "Jansa, Vlastimil"]
[Result "1-0"]
[WhiteElo "2555"]
[BlackElo "2485"]
[Annotator "Ribli,Z"]
[PlyCount "81"]
[EventDate "1991.10.??"]
[EventType "tourn"]
[EventRounds "9"]
[EventCountry "CSR"]
[EventCategory "10"]
[SourceTitle "CBM 026"]
[Source "ChessBase"]
[SourceDate "1992.02.01"]
[SourceVersion "1"]
[SourceVersionDate "1992.02.01"]
[SourceQuality "1"]

1. d4 d6 2. Nf3 Bg4 3. c4 Bxf3 4. exf3 c6 (4... Nd7 5. f4 g6 6. g3 Bg7 7. Bh3
e6 8. O-O Ne7 9. Nc3 O-O 10. d5 exd5 11. Nxd5 Nb6 $13 {Garcia,D-Epishin,V
Terrasse 1991 CBM/24}) 5. Nc3 Nf6 6. f4 (6. Bd3 d5 7. O-O e6 8. cxd5 Nxd5 9. f4
g6 10. f5 gxf5 11. Re1 $146 {Sokolov,I-Torre,E Biel 1989 CBM/14}) (6. Be3 g6 7.
Be2 Bg7 8. O-O O-O 9. d5 $1 Nbd7 10. f4 $14 {Naumkin-Jansa Namestovo 1987 44/46
}) 6... g6 7. Be3 Bg7 8. Be2 O-O 9. O-O d5 10. c5 Nbd7 11. Qc2 e6 12. b4 a6 13.
a4 Kh8 14. b5 axb5 15. axb5 Ng8 16. b6 Ne7 17. Bd3 Nf5 18. Ne2 Qh4 19. Ra7 Rab8
20. Ba6 $1 Nf6 21. Bxb7 Ng4 22. h3 Ngxe3 23. fxe3 Nxe3 24. Qd3 Nxf1 25. Kxf1
$146 g5 26. Bxc6 gxf4 27. Ng1 $1 f3 28. Nxf3 Qf4 29. Ra2 Qc1+ 30. Kf2 Bf6 31.
Ba4 Rg8 32. Bc2 Rg7 33. c6 Qf4 34. c7 Qg3+ 35. Ke2 Qxg2+ 36. Kd1 Qh1+ 37. Kd2
Rbg8 38. b7 Qg2+ 39. Kc3 e5 40. dxe5 d4+ 41. Kb2 1-0

[Event "Porz Citroen-Cup"]
[Site "Cologne"]
[Date "1990.??.??"]
[Round "4"]
[White "Schoen, Wolfram"]
[Black "Kovalev, Andrei"]
[Result "0-1"]
[WhiteElo "2380"]
[BlackElo "2500"]
[Annotator "Ribli,Z"]
[PlyCount "90"]
[EventDate "1990.12.??"]
[EventType "tourn"]
[EventRounds "9"]
[EventCountry "GER"]
[EventCategory "7"]
[SourceTitle "CBM 021"]
[Source "ChessBase"]
[SourceDate "1991.04.01"]
[SourceVersion "1"]
[SourceVersionDate "1991.04.01"]
[SourceQuality "1"]

1. d4 Nf6 2. c4 d6 3. Nc3 Nbd7 4. e4 e5 5. d5 Be7 (5... Nc5 6. f3 a5 7. Be3 Be7
8. Nge2 O-O {Zsinka,L-Werner,D Frankfurt 1990 CBM/20}) 6. Be3 a5 7. f3 Nh5 8.
g3 (8. Qd2 h6 9. g3 Bg5 $13) 8... Bg5 9. Bf2 g6 10. h4 Bh6 11. Nh3 Nc5 12. g4
Nf4 13. Nxf4 Bxf4 14. Ne2 Bh6 15. Ng3 f6 16. h5 Kf7 17. Qc2 Bd7 18. Be2 Qe7 19.
Kf1 c6 20. Kg2 Kg7 21. Rad1 Rac8 22. Qb1 Be8 23. Rh3 Bf7 24. Rdh1 Bf4 25. hxg6
hxg6 26. Rxh8 Rxh8 27. Rxh8 Kxh8 28. b4 axb4 29. dxc6 bxc6 30. Qxb4 Ne6 31.
Qb8+ Kg7 32. a4 Bd2 33. Bf1 c5 34. Qb2 Bb4 35. Ne2 Qe8 36. Qa1 Qa8 37. Be3 Be8
38. Qd1 Nd4 39. Bxd4 cxd4 40. Ng3 Qxa4 41. Qxa4 Bxa4 42. Bd3 Kh6 43. f4 Bd1 44.
g5+ fxg5 45. f5 Be1 0-1

[Event "Hastings 9091"]
[Site "Hastings"]
[Date "1990.12.??"]
[Round "2"]
[White "Bareev, Evgeny"]
[Black "Larsen, Bent"]
[Result "1/2-1/2"]
[WhiteElo "2590"]
[BlackElo "2545"]
[Annotator "Ribli,Z"]
[PlyCount "89"]
[EventDate "1990.12.??"]
[EventType "tourn"]
[EventRounds "14"]
[EventCountry "ENG"]
[EventCategory "13"]
[SourceTitle "CBM 022"]
[Source "ChessBase"]
[SourceDate "1991.06.01"]
[SourceVersion "1"]
[SourceVersionDate "1991.06.01"]
[SourceQuality "1"]

1. d4 Nf6 2. c4 d6 3. Nc3 e5 4. dxe5 dxe5 5. Qxd8+ Kxd8 6. Nf3 Nbd7 7. Rg1 (7.
Bg5 h6 $2 8. Bxf6+ gxf6 9. g3 c6 10. Bh3 Nb6 11. O-O-O+ $14 {Farago-Ljubojevic
Wijk aan Zee 1988 45/71}) 7... h6 8. g4 e4 9. g5 exf3 10. gxf6 Nxf6 11. exf3
Be6 12. Be3 b6 13. O-O-O+ Kc8 14. Ne4 Nd7 15. f4 g6 16. Nc3 a6 17. Bg2 Rb8 18.
Bc6 Bd6 19. Ne4 Be7 20. b3 Rd8 21. f3 Ba3+ 22. Kc2 $14 Nc5 23. Bd4 Nxe4 24.
fxe4 Rd6 25. Bd5 Bxd5 26. cxd5 Kb7 27. Bc3 {/\ b4} a5 28. e5 Rd7 29. e6 fxe6
30. dxe6 Rxd1 31. Kxd1 Bd6 32. Bd2 g5 33. f5 Kc6 34. Re1 Bxh2 35. f6 Bd6 36.
Kc2 g4 37. e7 Kd7 38. Bxh6 Ke8 39. Rf1 Kf7 40. Bf4 g3 41. Bxd6 cxd6 42. Kd3 g2
43. Rg1 Kxf6 44. Rxg2 Kxe7 45. Kc4 1/2-1/2

[Event "URS-chT Republics 19th Group1"]
[Site "Azov"]
[Date "1991.??.??"]
[Round "6"]
[White "Guliev, Sarhan"]
[Black "Nevednichy, Vladislav"]
[Result "1/2-1/2"]
[WhiteElo "2375"]
[BlackElo "2455"]
[Annotator "Ribli,Z"]
[PlyCount "85"]
[EventDate "1991.??.??"]
[EventType "team-tourn"]
[EventRounds "5"]
[EventCountry "URS"]
[SourceTitle "EXT 2020"]
[Source "ChessBase"]
[SourceDate "2019.10.17"]
[SourceVersion "1"]
[SourceVersionDate "2019.10.17"]
[SourceQuality "1"]
[WhiteTeam "Azerbaijan"]
[BlackTeam "Moldova"]
[WhiteTeamCountry "AZE"]
[BlackTeamCountry "MDA"]

1. d4 d6 2. Nf3 Bg4 3. c4 Nd7 4. Nc3 Ngf6 5. e3 e5 6. Be2 Be7 7. h3 Bh5 8. O-O
(8. b3 c6 9. d5 O-O 10. dxc6 bxc6 11. O-O Nc5 12. Ba3 Qa5 13. Bb2 Qb6 $10 {
Miles,A-Anand,V Manila izt 1990 49/29 CBM/19}) 8... c6 9. b4 O-O 10. b5 e4 11.
Nd2 Bxe2 12. Qxe2 d5 13. c5 (13. a4 $5) 13... Qa5 14. Bb2 Rfc8 15. Nb3 Qc7 16.
bxc6 (16. Rfc1 $5) 16... Qxc6 17. Rfc1 b6 18. cxb6 Qxb6 19. Na4 Qb7 20. Nac5
Nxc5 21. dxc5 Nd7 22. Rab1 (22. Bd4 $5) 22... Nxc5 23. Bxg7 Nxb3 24. Bc3 $1 Rc6
25. Rxb3 Qc7 26. Qg4+ Rg6 27. Qd1 Qd7 28. Kh1 Qf5 29. Qe2 h6 30. Bd4 Kh7 31. g4
Qg5 32. f4 Qh4 33. Qh2 Bf6 34. f5 Rgg8 35. Rc7 Bxd4 36. exd4 Rgc8 37. Kg2 Qe1
38. Rbb7 Kg8 39. Qf4 Rxc7 40. Rxc7 Rb8 41. Rc2 Rb1 42. Rc8+ Kh7 43. Rh8+
1/2-1/2

[Event "URS-chT Republics 19th Group1"]
[Site "Azov"]
[Date "1991.??.??"]
[Round "4"]
[White "Sokolin, Leonid M"]
[Black "Zagrebelny, Sergey"]
[Result "0-1"]
[WhiteElo "2420"]
[BlackElo "2450"]
[Annotator "Ribli,Z"]
[PlyCount "110"]
[EventDate "1991.??.??"]
[EventType "team-tourn"]
[EventRounds "5"]
[EventCountry "URS"]
[SourceTitle "EXT 2020"]
[Source "ChessBase"]
[SourceDate "2019.10.17"]
[SourceVersion "1"]
[SourceVersionDate "2019.10.17"]
[SourceQuality "1"]
[WhiteTeam "Leningrad"]
[BlackTeam "Uzbekistan"]
[WhiteTeamCountry "RUS"]
[BlackTeamCountry "UZB"]

1. d4 Nf6 2. c4 d6 3. Nf3 Nbd7 4. Nc3 c6 5. Qc2 a6 (5... Qc7 6. e3 g6 7. Be2
Bg7 8. O-O O-O 9. b3 e5 10. Ba3 exd4 11. Nxd4 Nc5 12. Rad1 $13 {Solozhenkin,
E-Kavalerov,A Leningrad 1990 EXP/18}) 6. Bg5 h6 7. Bh4 (7. Bf4 Nh5 8. Be3 e6 9.
g4 Nhf6 10. Rg1 b5 11. b3 bxc4 12. bxc4 Nb6 13. Nd2 Be7 14. h4 Nfd7 15. g5 hxg5
16. hxg5 g6 $13 {Knaak,R-Lerner,K Berlin Thälmann 1989 CBM/13}) 7... g5 8. Bg3
Nh5 9. e3 Bg7 10. Be2 Ndf6 (10... Nxg3 11. hxg3 b5 12. Nxg5 hxg5 13. Rxh8+ Bxh8
14. Qh7 Bf6 15. Bh5 Nb6 16. Qxf7+ Kd7 17. cxb5 axb5 18. Rc1 Qh8 19. Nxb5 Kd8
20. Nc3 Nd7 21. Ne4 d5 $13 {Seul,G-Lobron,E FRG-CupT 1989 CBM/12}) 11. O-O-O
Qa5 12. Nd2 Bf5 13. Bd3 Bxd3 14. Qxd3 Nxg3 15. hxg3 O-O-O 16. Nb3 Qc7 17. Rd2
Kb8 18. Rhd1 e6 19. Kb1 Nd7 20. Qc2 c5 21. dxc5 Nxc5 22. Nxc5 dxc5 23. Ne4 Rxd2
24. Qxd2 f5 25. Nc3 Bf6 26. Qc2 Rd8 27. Ne2 Rxd1+ 28. Qxd1 Qe5 29. Nc3 Qc7 30.
Ne2 Qc6 31. f3 Qc7 32. Qb3 Qd6 33. Kc2 Kc7 34. Qa4 Qb6 35. Qa3 Be5 36. Kc1 Kb8
37. Kc2 Kc8 38. Kc1 Kc7 39. Kc2 Kb8 40. Kc1 Qd6 41. Qa5 Ka8 42. Qa3 h5 43. e4
fxe4 44. fxe4 Qf8 45. Qf3 Qg7 46. Qa3 Bd4 47. Kc2 Qe5 48. Qf3 Bxb2 49. Qxh5 Ba1
50. Qe8+ Ka7 51. Kd3 Qd6+ 52. Ke3 Bd4+ 53. Kf3 Be5 54. Ke3 Bxg3 55. Qg6 Be1 0-1

[Event "New York op"]
[Site "New York"]
[Date "1998.03.20"]
[Round "7"]
[White "Vaisser, Anatoli"]
[Black "Comas Fabrego, Luis"]
[Result "0-1"]
[WhiteElo "2595"]
[BlackElo "2520"]
[Annotator "Ribli,Z"]
[PlyCount "90"]
[EventDate "1998.03.16"]
[EventType "swiss"]
[EventRounds "9"]
[EventCountry "USA"]
[SourceTitle "CBM 064"]
[Source "ChessBase"]
[SourceDate "1998.06.02"]
[SourceVersion "1"]
[SourceVersionDate "1998.06.02"]
[SourceQuality "1"]

1. d4 Nf6 2. c4 d6 3. Nc3 Nbd7 {Die andere mögliche Zugfolge für Schwarz ist 3.
..e5 4.Nf3 Nbd7 mit Zugumstellung. In diesem Fall ist 4.dxe5 dxe5 5.Qxd8 Kxd8
nicht gefährlich, denn Schwarz kann den König mit ...c6 nebst ...Kc7 in
Sicherheit bringen. Ribli.} 4. e4 e5 {Psychologisch ist das von Schwarz eine
gute Wahl. GM Vaisser ist ein Spezialist in der Vierbauern -Variante der
Königsindischen Verteidigung und muß jetzt anders spielen.} 5. d5 {5.Nf3 ist
die Hauptvariante und Schwarz kann zwischen 4...g6 (Königsindisch) und 4...Be7
(Altindisch) wählen.} Nc5 6. f3 a5 7. Be3 c6 $6 $146 {Dieser Zug gefällt mir
nicht. Schwarz sollte zunächst die Entwicklung des Königsflügels abschließen.}
8. Nge2 a4 9. Nc1 {Der Springer steht auf ersten Blick unnatürlich auf c1,
aber Weiß muß die Entwicklung des Königsflügels mit Be2 und 0-0 beenden.} (9.
Bxc5 dxc5 10. Nxa4 cxd5 11. cxd5 (11. exd5 b5 12. cxb5 Nxd5 $44 {[%csl Re3]})
11... b5 (11... Nxd5 12. exd5 (12. Qxd5 $2 Qxd5 13. exd5 Rxa4 $15) 12... Qh4+ {
[%cal Rh4e1,Rh4a4]} 13. Ng3 Qxa4 14. Qxa4+ Rxa4 15. Bb5+ $16 {[%cal Rb5a4,
Rb5e8]}) 12. Nac3 Ba6 $44 {Schwarz bekommt Aktivität und das Läuferpaar für
den Bauern. Ich bin jedoch nicht ganz sicher, ob die Kompensation ausreichend
ist.}) 9... cxd5 {Schwarz öffnet freiwillig die c-Linie, was in solchen
Zentrumsformationen gewöhnlich vorteilhaft für Weiß ist.} 10. cxd5 Qa5 11. Nd3
(11. Be2 $5 $14) (11. Bb5+ Bd7 12. Bxd7+ Nfxd7 13. O-O b5 $11 (13... a3 14. Nb3
Nxb3 15. Qxb3 $14 (15. axb3 Qb4 16. Qc2 $14))) 11... Nxd3+ 12. Bxd3 {Weiß hat
den starken schwarzen Springer getauscht und verfügt über Raumvorteil im
Zentrum.} Be7 13. O-O O-O 14. Qe1 (14. Qd2 $14) (14. Rb1 Bd7 15. b4 axb3 16.
Qxb3 $14 (16. Rxb3 $14)) 14... Bd7 15. a3 {[%csl Yb3]} Rfc8 16. Qf2 $14 {
[%csl Yb6][%cal Gf2a7] Droht 16.Bb6 mit Damengewinn.} Bd8 17. Rfc1 Be8 {
Schwarz bereitet das Springermanöver ...Nf6-d7-c5 vor.} 18. Bf1 Nd7 19. Nb5 {
[%csl Rd6][%cal Rb5d6]} Be7 20. Bd2 Qd8 21. Bb4 Nc5 {[%csl Gc5][%cal Rc5b3,
Rb3c1,Rb3a1]} 22. Bxc5 dxc5 $13 23. d6 $6 {Für die Öffnung der Diagonalen
a2-g8 opfert Weiß einen Bauern, aber dieser Plan ist hier nicht richtig.} (23.
Bc4 Bxb5 (23... Qa5 24. Qe2 Bg5 25. Rc2 $11) (23... Ra5 24. Qe2 (24. Nc3 b5 $15
) 24... Bxb5 25. Bxb5 c4 26. Rxc4 Rxc4 27. Bxc4) 24. Bxb5 c4 {Die weiße Dame
wirkt gefährlich in der Diagonalen a7-g1.} 25. Rxc4 Qa5 26. Rxc8+ Rxc8 27. Qe2
{Weiß hat einen Mehrbauern, aber Schwarz dominiert die schwarzen Felder.})
23... Bxd6 24. Rd1 {[%csl Rd6]} Bxb5 25. Bxb5 c4 $17 {[%csl Rf2,Rg1] Schwarz
hat einen Mehrbauern und entfaltet Druck auf den schwarzen Feldern.} 26. Kh1
Qe7 {Schwarz muß in der d-Linie entfesseln.} 27. Qd2 c3 $1 28. bxc3 (28. Qxd6
Qxd6 29. Rxd6 cxb2 30. Rb1 (30. Rad1 Rc1 $19) 30... Rc1+ 31. Rd1 Rac8 $19 {
[%csl Gb2,Gc1,Gc8,Rh1]}) 28... Bxa3 29. Qc2 Bb4 {[%cal Gc8c2]} 30. Rxa4 Rxa4
31. Qxa4 Bxc3 32. Bc4 Bd4 {[%csl Gd4] Nach den Vereinfachungen hat Schwarz
einen Bauern mehr und sein Läufer dominiert das Brett.  Die Anwesenheit der
ungleichfarbigen Läufer ist für Schwarz vorteilhaft, denn sie wertet seinen
späteren Angriff auf.} 33. Qb3 g6 34. g3 Rc5 35. Kg2 Qc7 {[%cal Rc7c4]} 36. Bd3
{[%csl Rg2]} (36. Rc1 $2 b5 $19) 36... Rc3 37. Qb5 Kg7 38. h4 (38. Rb1 b6 39.
Rd1 Rc2+ 40. Kh1 (40. Kh3 Qc8+ $17) 40... Rb2 41. Qc4 Qxc4 (41... Qd7 42. Bf1
$17) 42. Bxc4 b5 $17 {[%csl Gb5]}) 38... h5 39. Rb1 b6 40. Rd1 {Weiß hat kein
Gegenspiel. Er kann nur abwarten.} Rc2+ 41. Kh3 Qc8+ $19 42. g4 Rf2 {[%csl Rh3]
Um den weißen König spinnt sich ein Mattnetz.} 43. Be2 (43. Rf1 Rxf3+ 44. Rxf3
Qxg4+ 45. Kh2 Qxf3 $19) (43. Kg3 Rxf3+ 44. Kxf3 Qxg4#) 43... hxg4+ 44. fxg4
Qc3+ 45. Bd3 (45. Rd3 Qe1 $19) 45... Bc5 {und Weiß, dessen König
verteidigungslos darsteht, gab auf. Schwarz schafft entscheidende Drohungen
über die schwarzen Felder.} (45... Bc5 46. Qc4 Qb2 $19 {[%csl Rh3]}) 0-1

[Event "Clarin GP final"]
[Site "Villa Gesell"]
[Date "1998.03.17"]
[Round "11"]
[White "Hoffman, Alejandro"]
[Black "Sorin, Ariel"]
[Result "1-0"]
[WhiteElo "2510"]
[BlackElo "2460"]
[Annotator "Ribli,Z"]
[PlyCount "65"]
[EventDate "1998.03.07"]
[EventType "tourn"]
[EventRounds "11"]
[EventCountry "ARG"]
[EventCategory "10"]
[SourceTitle "CBM 064"]
[Source "ChessBase"]
[SourceDate "1998.06.02"]
[SourceVersion "1"]
[SourceVersionDate "1998.06.02"]
[SourceQuality "1"]

1. d4 {Petursson} Nf6 2. c4 d6 3. Nc3 Nbd7 4. e4 e5 5. d5 (5. Nf3 Be7 (5... g6
$5 {Eine interssante Idee, in die Königsindische Verteidigung überzugehen.
Ribli.} 6. Be2 Bg7 7. O-O O-O) 6. Be2 O-O 7. O-O $14) 5... Be7 6. f3 Nh5 {
[%cal Gd8h4] Schwarz macht dem Läufer e7 den Weg frei, um ihn später eventuell
zu tauschen.} 7. Be3 (7. Nh3 Nf8 8. g4 Bh4+ 9. Kd2 Nf4 10. Nxf4 exf4 11. Kc2
Ng6 12. Ne2 Qf6 13. Qd4 Qxd4 14. Nxd4 Bf6 15. Nf5 Be5 16. Bd3 h5 17. g5 Nf8 18.
Bd2 h4 {1/2-1/2 Varga,Z-Portisch,F/Harkany op 1994 (25)}) 7... Bg5 $6 {Weiß
tauscht diesen Läufer nicht. Er bereitet dem Schwarzen in Zukunft nur Sorgen.}
(7... O-O 8. Qd2 g6 $5 {und wie in der Königsindischen Verteidigung bereitet
Schwarz ...f5 vor.}) 8. Bf2 $5 $14 {In solchen Stellungen (mit geschlossenem
Bauernzentrum c4/d5/e4/f3) spielt der schwarzfeldrige Läufer des Anziehenden
in der Regel eine tragende Rolle.} g6 (8... Bh4 $2 9. g3 $14) 9. h4 $1 Bh6 (
9... Bf4 10. Nge2 $16 {[%csl Rf4][%cal Rg2g3]}) 10. Nge2 f5 11. exf5 $5 {
Durch diesen Tausch sichert sich Weiß in einigen Varianten das Feld e4.} (11.
g4 $6 fxg4 12. fxg4 Nf4 $132 13. g5 Bg7) 11... gxf5 12. g4 Nf4 (12... Ng7 $2
13. g5 $18) (12... Nhf6 $2 13. g5 $18) 13. g5 Nxe2 (13... Bg7 14. Nxf4 exf4 {
[%csl Rf4][%cal Gg7a1]} 15. Qd2 Qe7+ (15... Be5 16. Ne2 {[%csl Rf4][%cal Re2f4]
}) (15... Ne5 16. Be2 $16 {[%csl Rf4][%cal Rd2f4]}) 16. Be2 Be5 $14) 14. Bxe2
Bg7 15. Qc2 {[%cal Rc2f5]} O-O 16. O-O-O {Weiß hat gute Angriffschancen am
Königsflügel, während für Schwarz kein großes Gegenspiel erkennbar ist.} a5 17.
Rdg1 Nc5 18. h5 $40 {Der weiße Plan ist klar. Er möchte mit 19.h6 und 20.g6
Linien gegen den schwarzen König öffnen.} Bd7 19. h6 Bh8 20. g6 {[%csl Gg1,Gg6,
Rg8,Gh6]} hxg6 (20... Bf6 21. Kb1 (21. Bxc5 dxc5 22. Bd3 Bg5+ 23. Kb1 hxg6 24.
Qg2 $18 {[%cal Rg1g8]})) 21. h7+ Kf7 22. f4 e4 (22... exf4 23. Rxg6 $1 Kxg6 24.
Bh5+ Kxh7 25. Bd4 $1 Bxd4 26. Qg2 $18 {und der schwarze König kann dem
Mattnetz nicht entkommen.}) 23. Rxg6 $3 $16 {[#]} (23. Rh6 {Petursson} Qf6 24.
Bxc5 dxc5 25. Rgxg6 Qxg6 26. Bh5 $18) 23... Nd3+ (23... Kxg6 24. Bh5+ Kxh7 25.
Bd4 (25. Bxc5 {Petursson} Rg8 26. Bf7+ Kg7 27. Bxg8 Kxg8 28. Qg2+ Bg7 29. Bd4
$18) 25... Bf6 (25... Nd3+ 26. Qxd3 exd3 27. Bf7+ $18) (25... Bxd4 26. Bf7+ Qh4
$8 (26... Kg7 27. Qg2+ Kxf7 28. Rh7+ Ke8 29. Qg6+ Rf7 30. Qxf7#) 27. Rxh4+ Kg7
28. Be6 Bxe6 29. Qg2+ Kf7 30. Rh7+ Ke8 31. dxe6 $18) 26. Qg2 $18 {[%csl Rh7]
und Schwarz ist hilflos.}) 24. Bxd3 Kxg6 (24... exd3 25. Qd1 Kxg6 26. Qh5+ $18)
25. Nxe4 $1 {Das ist das zweite schöne Opfer der Partie. Weiß muß um jeden
Preis seinen Angriff fortführen.} Bf6 (25... fxe4 26. Bxe4+ Kf7 27. Bg6+ Kg7
28. Rg1 $16 {[%csl Rg7][%cal Gg1g7]} (28. Bd4+ {Petursson} Rf6 29. Rg1 Kf8 30.
Bh5 $18)) 26. Nxf6 Qxf6 27. Be1 $1 {[%csl Rg6][%cal Re1c3,Rc3f6,Rc2g2,Rg2g6]
Ein vielseitiger Läuferzug! Er ebnet der weißen Dame den Weg auf der zweiten
Reihe und strebt seinerseits die lange Diagonale an.} Qd4 28. Qg2+ Kf7 29. Bc3
$18 Qxf4+ 30. Kc2 {[%csl Rf7] Der schwarze König findet keine Ruhe. Ein ewiges
Problem des Schwarzen in dieser Partie.} Qg4 31. Qxg4 {Es gibt kein Matt,
sondern leider "nur" eine klare Gewinnstellung.} fxg4 32. Rf1+ Ke7 33. Rxf8 {
und Schwarz gab auf. Er verliert eine Figur.} (33. Rxf8 Rxf8 34. h8=Q Rxh8 35.
Bxh8 $18) 1-0

[Event "EU-Cup 10th Group1"]
[Site "Eupen"]
[Date "1994.??.??"]
[Round "2"]
[White "Olafsson, Helgi"]
[Black "Kovalev, Andrei"]
[Result "1/2-1/2"]
[WhiteElo "2520"]
[BlackElo "2525"]
[Annotator "Ribli,Z"]
[PlyCount "66"]
[EventDate "1994.??.??"]
[EventType "team-k.o."]
[EventRounds "3"]
[EventCountry "BEL"]
[SourceTitle "EXT 2020"]
[Source "ChessBase"]
[SourceDate "2019.10.17"]
[SourceVersion "1"]
[SourceVersionDate "2019.10.17"]
[SourceQuality "1"]
[WhiteTeam "Reykjavikur Taflfelag"]
[BlackTeam "Eupen-Kelmis Rochade"]
[WhiteTeamCountry "ISL"]
[BlackTeamCountry "BEL"]

1. d4 Nf6 2. c4 d6 3. Nc3 Nbd7 4. g3 e5 5. e3 (5. Bg2 $5 Be7 6. e3 (6. e4 $5)
6... O-O 7. Nge2 c6 8. O-O (8. h3 Re8 9. g4 $36 {Vaisser,A-Dunnington,A/
Cappelle/1994/CBM44/}) 8... Re8 9. b3 Bf8 10. e4 a6 {~ Kortschnoj,
V-Christiansen,L/Monaco rapid/EXP34/}) 5... exd4 6. exd4 (6. Qxd4 g6 7. Bg2 Bg7
8. Nge2 O-O 9. O-O Nc5 {~}) 6... d5 $1 7. c5 (7. cxd5 Nb6 8. Bg2 Nbxd5 9. Nge2
Be7 10. O-O O-O {=}) 7... c6 8. b4 (8. Bg2 b6 {~}) 8... Ne4 $5 9. Qe2 Be7 10.
Nxe4 dxe4 11. Qxe4 Nf6 $6 (11... O-O $1 {/\ Re8, a5 ~/=}) 12. Qd3 Qd5 13. Nf3
Bf5 14. Qe2 Be4 15. Bg2 Bxf3 (15... O-O 16. O-O Rfe8 17. Be3 {+=}) 16. Bxf3
Qxd4 17. Rb1 Nd5 18. Bxd5 (18. O-O $2 Nc3 19. Qb2 Qd3 $1 {-+}) (18. Rb3 $5 Nc3
$6 19. Qc2 Qe5+ 20. Kf1 Nb5 21. Bb2 (21. Re3 $5) 21... Nd4 22. Bxd4 Qxd4 23.
Re3 {+=}) 18... Qxd5 19. O-O Qe6 20. Re1 Qxe2 21. Rxe2 Rd8 22. b5 cxb5 23. c6
$2 (23. Rxb5 Rd1+ (23... Rd7 24. Be3 a6 25. Rb6 O-O 26. Reb2 Rd5 27. Rc2 Rd7
28. c6 bxc6 29. Rxa6 c5 30. Bxc5 Rc7 (30... Rc8 $2 31. Bxe7 Rxc2 32. Ra8+ {+-})
31. Bxe7 Rxc2 32. Bxf8 Kxf8 {+=}) 24. Kg2 Rxc1 25. Rxb7 O-O 26. Rexe7 Rxc5 27.
Rxa7 {+=}) 23... Rd1+ $1 (23... bxc6 $2 24. Ba3 Rd7 25. Rbe1 {+-}) 24. Kg2 bxc6
25. a4 (25. Rxe7+ Kxe7 26. Ba3+ Rd6 27. Rd1 Rhd8 {-+}) 25... a6 26. axb5 cxb5
27. Ra1 Rd6 28. Bf4 (28. Ba3 Re6 29. Rxe6 fxe6 30. Bxe7 Kxe7 31. Rxa6 Rb8 {-+})
28... Re6 29. Rxe6 fxe6 30. Rxa6 Rf8 31. Ra8+ Kd7 (31... Kf7 32. Ra7 Rd8 33.
Bg5 Re8 34. Rb7 b4 35. Bxe7 Rxe7 36. Rxb4 {=}) 32. Ra7+ Ke8 33. Ra8+ Kd7
1/2-1/2

[Event "Belgrade GMA op"]
[Site "Belgrade"]
[Date "1988.??.??"]
[Round "?"]
[White "Gurevich, Dmitry"]
[Black "Rogers, Ian"]
[Result "0-1"]
[WhiteElo "2475"]
[BlackElo "2540"]
[Annotator "Rogers,I"]
[PlyCount "113"]
[EventDate "1988.12.??"]
[EventType "swiss"]
[EventRounds "9"]
[EventCountry "YUG"]
[SourceTitle "TD"]
[Source "ChessBase"]
[SourceDate "1994.03.01"]
[SourceVersion "1"]
[SourceVersionDate "1994.03.01"]
[SourceQuality "1"]

1. d4 d6 2. Nf3 Bg4 3. c4 Nd7 4. g3 e5 5. Bg2 c6 6. Nc3 Ngf6 7. O-O Be7 8. h3
Bh5 $5 (8... Bxf3 9. Bxf3 O-O $14) 9. Nh4 $1 O-O (9... Bg6 10. f4 $5 $14 (10.
Nxg6 hxg6 $14)) 10. Nf5 Re8 (10... Bg6) 11. g4 $5 Bg6 12. Nxe7+ Qxe7 $6 (12...
Rxe7 13. Bg5 h6 14. Bh4 Qb6 $13) 13. Bg5 h6 14. Bh4 Qd8 (14... Qf8 $6 15. Qd2
$16) 15. Qd2 Qb6 16. e3 $1 (16. c5 $6 Qb4 $1 $15) (16. dxe5 dxe5) 16... exd4
17. exd4 Ne4 18. Nxe4 Bxe4 19. f3 $1 Bg6 20. Bg3 d5 (20... c5 21. d5 $16 {/\d6}
) 21. c5 $16 Qa6 22. Rf2 Re6 23. Bf1 Qa4 24. b3 Qa3 25. Qb2 $1 Qa5 (25... Qxb2
26. Rxb2 $16 {/\b4, a4}) 26. b4 Qd8 27. Qd2 $6 (27. b5 $1 Qf6 28. bxc6 bxc6 29.
Qb7 Rd8 30. Qc7 $1 $16 {><c6, a7}) 27... a6 28. Re1 Nf8 29. Rc1 (29. a4) 29...
Qd7 30. a4 Rae8 31. b5 axb5 32. axb5 cxb5 $1 33. Qb4 Qe7 34. Qxb5 (34. Bxb5 Ra8
) 34... Re3 $1 35. Bf4 (35. Kg2 $14) 35... Ra3 36. Qb4 $6 Rea8 $15 37. Re1 $6
Ne6 38. Be5 R8a4 39. Qd2 Qh4 $1 40. Kg2 $2 (40. Kh2 $2 Ra2 $19) (40. Re3 Ra1
$17) 40... Ng5 41. Re3 Rxe3 42. Qxe3 Ra1 $1 43. Bf4 (43. f4 Be4+ 44. Kh2 Nxh3
$1 $19) (43. Kh2 Rxf1 $1 44. Rxf1 Qxh3+ 45. Kg1 Be4 $1 $19) 43... Qxh3+ 44. Kg1
Ne6 45. Be5 Rb1 $1 {b7} 46. Qe2 Qh4 47. Rh2 Qe7 48. Qe3 {/\49.Bxg7 Kxg7 50.
Qxh6+ Kf6 51. Qh4+ Ng5 52.Qh8+ Ke6 53.Re2+} Qe8 $1 {/\Qb5} 49. Kf2 Qa4 50. Be2
Qa1 $1 {><d4} 51. Kg3 Rb4 52. Kg2 Qb2 $1 $19 {/\Rb3} (52... Nxd4 $2 53. Rxh6 $3
{/\Rh8+, Qh6+!+-}) 53. Bxg7 $6 Nxg7 54. Rxh6 Ra4 (54... Qxd4 $4 55. Qe7 $18)
55. Kg3 (55. Qe7 Ra8 $19) 55... Qxd4 56. Qe7 Qg1+ 57. Kh4 0-1